Cuộc đời chìm nổi của Romanh Canbri
Gorde:
| Egile nagusia: | |
|---|---|
| Formatua: | Liburua |
| Hizkuntza: | Undetermined |
| Argitaratua: |
Hà Nội
VHTT
2001
|
| Gaiak: | |
| Etiketak: |
Etiketa erantsi
Etiketarik gabe, Izan zaitez lehena erregistro honi etiketa jartzen!
|
| Thư viện lưu trữ: | Trung tâm Học liệu Trường Đại học Cần Thơ |
|---|
| LEADER | 00517nam a2200169Ia 4500 | ||
|---|---|---|---|
| 001 | CTU_41604 | ||
| 008 | 210402s9999 xx 000 0 und d | ||
| 082 | |a 843.8 | ||
| 082 | |b M257 | ||
| 100 | |a Hector Malot | ||
| 245 | 0 | |a Cuộc đời chìm nổi của Romanh Canbri | |
| 245 | 0 | |c Hector Malot, Nguyễn Bích Hằng | |
| 260 | |a Hà Nội | ||
| 260 | |b VHTT | ||
| 260 | |c 2001 | ||
| 650 | |a french fiction,french literature - 20th century | ||
| 980 | |a Trung tâm Học liệu Trường Đại học Cần Thơ | ||